000 00552nam a2200193Ia 4500
008 191130s2010##################000#0#eng##
020 _a9788120335141
040 _aACL
_cACL
082 _a621.382 MUT
100 _aNathan, P. Muthu Chidambara
245 _aWireless communications
_cP. Muthu Chidambara Nathan
260 _aNew Delhi
_bPHI Learning
_c2010
300 _axi, 219 p. ; 24 cm
500 _aIncludes index
650 _aWireless Communications
990 _a520fdc90ac10000c241195a76515363d
991 _a168656
999 _c431642
_d431642